| 000 | 00701nam a2200229 4500 | ||
|---|---|---|---|
| 003 | OSt | ||
| 005 | 20240606032107.0 | ||
| 006 | a | ||
| 008 | 240606b |||||||| |||| 00| 0 eng d | ||
| 020 | _a9789718984147 | ||
| 040 |
_aDWCL-Main lib. _cOC |
||
| 082 |
_2first edition _aFil. 231.7 T161e 2008 |
||
| 100 | _aTan, Earnest L. | ||
| 245 | _aEmerging our god within / | ||
| 250 | _afirst edition | ||
| 260 |
_aQuezon City, Phils. : _bSpiritus Works, _cc2008. |
||
| 300 |
_axii, _b152 p. : b & w ill. ; _c23 cm. |
||
| 650 | _a1. Christian life–Guidebook. | ||
| 650 | _a2. Spiritual life–Christianity–Guidebook. | ||
| 700 | _aEarnest L. Tan | ||
| 942 |
_2ddc _n0 _cBK - FIL _efirst edition _kFil. |
||
| 999 |
_c258 _d258 |
||